000 00566nam a22001937a 4500
999 _c9645
_d9645
003 AR-CdUCM
008 190328b ||||| |||| 00| 0 spa d
040 _aMUNICIPALIDAD PROVINCIAL DEL CUSCO
_cBIBLIOTECA MUNICIPAL DEL CUSCO
082 _a848.9 /
_bT31 / 1910
100 _aTeramond, Guido
_925985
245 _aEl hombre fantasma /
260 _aBarcelona :
_bMontaner y Simon,
_c1910
300 _a314 paginas ;
_c24 cm.
505 _aContenido :Novela /
650 _aLiteratura francesa
_9913
650 _aNovela
_95
942 _2ddc
_cLIBROS
945 _arjall